| 000 | 00643cab a2200217 4500 | ||
|---|---|---|---|
| 001 | WB3214-39 | ||
| 008 | 090401t xxu||||| |||| 00| 0 eng d | ||
| 035 | _a(Sirsi) u64828 | ||
| 041 | _aeng | ||
| 245 | _aEU insurance directive | ||
| 350 | _a0 | ||
| 490 |
_aEuroProperty _v4(9) April, 3(1) |
||
| 520 | _aThe European Group of Valuers of Fixed Assets (Tegovofa) has published a guidance note to clarify the definition of `market value` in EU legislation. | ||
| 650 | _aEU LEGISLATION | ||
| 650 | _aGUIDANCE NOTE | ||
| 650 | _aMARKET VALUE | ||
| 650 | _aVALUERS | ||
| 690 | _aRATING AND VALUATION | ||
| 942 | _n0 | ||
| 948 | _c04/03/1997 | ||
| 999 |
_c40387 _d40387 |
||